000 00495nam a22001817a 4500
003 MPLRDC
005 20220104124046.0
008 210129b ||||| |||| 00| 0 eng d
082 _a856.6 JMWW c.2
100 _a将门文物出版有限公司编辑部
245 _a巧联绝对
_c
250 _a一版
260 _a
_b将门文物出版有限公司
_c1994
300 _b
490 _a真善美书系
650 _a函牍及杂著--楹联; 寿文; 挽词
942 _cBK
_o856.6 JMWW c.2
999 _c16319
_d16309